Retos y tendencias del derecho ambiental contemporǹeo

Detalles Bibliográficos
Autor Corporativo: Unin̤ Nacional de Juristas de Cuba
Formato: eBook
Lenguaje:español
Publicado: [s.l.] : Unin̤ de Juristas de Cuba, 2014
Materias:
Acceso en línea:Acceso restringido

MARC

LEADER 00000nam a22000007a 4500
005 20140314112839.0
007 cr|||| ||||
008 140314s2014 cu |||||s|||| 00||0 spa d
035 |a 11798 
040 |a vLex 
090 |c 4706  |d 4706 
245 0 0 |a Retos y tendencias del derecho ambiental contemporǹeo  |h [Recurso electrn̤ico] /  |c Unin̤ Nacional de Juristas de Cuba 
256 |a Servicio en ln̕ea 
260 |a [s.l.] :  |b Unin̤ de Juristas de Cuba,  |c 2014 
300 |a 1 recurso electrn̤ico 
506 1 |a Contenido solo disponible en los productos indicados  |d vLex Global  |d vLex Global (Academic Edition, excluding Law Schools)  |d vLex Global (U.S. Academic Edition, Law Schools)  |d vLex Global (U.S. Academic Edition, excluding Law Schools)  |d vLex Global (Academic Edition, Law Schools) 
650 0 4 |a Derecho ambiental   |z Cuba 
710 1 |a Unin̤ Nacional de Juristas de Cuba  
740 0 |a vLex Libros (Servicio en ln̕ea)  
856 4 0 |u http://vlex.com/source/retos-tendencias-derecho-ambiental-contemporaneo-11798  |z Acceso restringido 
942 |c BOOK 
999 0 |a Environmental law